000 00378nam a2200157Ia 4500
008 180207s9999 xx 000 0 und d
020 _a9781442422940
050 _bL649 2008
245 _aLet's get dressed with Dora /
260 _aNew York :
260 _bSimon Spotlight,
260 _c2008
300 _aunpaged :
300 _bcolor illustration ;
300 _c25cm.
999 _c355442
_d355442